000 00295nam a22001337a 4500
008 170802b xxu||||| |||| 00| 0 eng d
020 _a0070256837
041 _aeng
080 _22ND
_a004
100 _a32
101 _aSHK
245 _aCOMPUTER ORGANIZATION
_cHAMACHER,V.C
942 _2udc
_cBK
999 _c22528
_d22528